000 00415nam a2200157 i 4500
001 89849
003 ES-MaACL
005 20230906180303.0
007 t|
008 050114s1972 sp ||||1| spa d
100 1 _aLasuén, José Ramón.
_970506
245 1 0 _aMarx 1972 /
_cJosé R. Lasuén.
260 _a[Algorta (Vizcaya) :
_bZero,
_c1972]
300 _a71 p. ;
_c17 cm.
852 _aES-MaACL
_jC-43918
_bR.82770
999 _c89849
_d89849